000 00602nam a2200217Ia 4500
005 20230703092044.0
008 131103s9999 xx 000 0 und d
020 _a007061573X
_cRs 450
040 _aLoreto College
041 _aEnglish
082 _a150
_bSAN
100 _aSantrock, John W.
245 _aPsychology essentials
_cJohn W. Santrock
250 _aUpdated 2nd ed
260 _aNew Delhi
_bTata McGraw-Hill Company Limited
_c2005
300 _axviii,543p
_b ill
504 _aIncludes bibliographical references and index
650 _aPsychology
850 _aLCLIB
942 _cBK
999 _c12727
_d63206